Online Catalogue and eLibrary

Karky (Record no. 4287)

MARC details
000 -LEADER
fixed length control field 00401nam a2200145Ia 4500
005 - DATE AND TIME OF LATEST TRANSACTION
control field 20250227011854.0
008 - FIXED-LENGTH DATA ELEMENTS--GENERAL INFORMATION
fixed length control field 240331s9999 xx 000 0 und d
082 ## - DDC Classification
Item Number - Author Mark SIN
DDC Edition Number 4616
Class No. 920
100 ## - MAIN ENTRY--PERSONAL NAME
Personal name Singaravelu, A
245 #0 - TITLE STATEMENT
Title Karky
260 ## - PUBLICATION, DISTRIBUTION, ETC.
Place of publication, distribution, etc. Chennai
Name of publisher, distributor, etc. Sandhya Pathippagam
Date of publication, distribution, etc. 2001
300 ## - PHYSICAL DESCRIPTION
Extent (e.g. Volumes, Pages etc.) 136 p.,
500 ## - GENERAL NOTE
General note The autobiography of Marsim Karky, who had an impact on Tamil Literature
942 ## - Koha item type (Biblio)
Koha item type Books in Stacks (Lending)
Holdings
Lost status Damaged status Collection code Home library Current library Shelving location Date acquired Full call number Accession Number Item type
    Lending WERC Library WERC Library Social Science Cupboard 03/31/2024 920 SIN 4616 Books in Stacks (Lending)

© WERC Library